| 000 | 01058nam a22002897a 4500 | ||
|---|---|---|---|
| 005 | 20110721123124.0 | ||
| 008 | 110721t xxu||||| |||| 00| 0 eng d | ||
| 010 | _aENG-103087 | ||
| 020 |
_a9780071077484 _c325.00 |
||
| 020 |
_a0071077480 _c325.00 |
||
| 035 | _aEN-86620 | ||
| 037 | _bDBAD/PUB | ||
| 040 |
_aDPL _bEng |
||
| 082 | _a373.0072 | ||
| 100 |
_929762 _aBushaway,Robert W. |
||
| 245 |
_aManaging research / _cby Robert W. Bushaway |
||
| 260 |
_aNew Delhi _bTata McGraw Hill _c2011 |
||
| 270 |
_a7, West Petel Nagar _bNew Delhi _e110008 |
||
| 300 |
_axvi,246p. _c23cm (pbk) |
||
| 490 |
_aManaging universities and colleges : guides to good practice ; edited by David Warner [and] David Palfreyman _929811 |
||
| 500 | _aIncludes bibliographical references and index | ||
| 610 | _929771 | ||
| 650 | _929772 | ||
| 700 | _929763 | ||
| 942 |
_2ddc _cEN _mBUS _h373.0072 |
||
| 999 |
_c54164 _d54164 |
||